000 00734cam a22002413a 4500
001 9101
003 PGUSA
005 20140828083208.0
008 051001s2005||||xxu|||||s|||||000 | eng d
040 _aPGUSA
_beng
042 _adc
050 4 _aTX
100 1 _aLea, Elizabeth E.
_q(Elizabeth Ellicott),
_d1793-1858
245 1 0 _aDomestic Cookery, Useful Receipts, and Hints to Young Housekeepers
_h[electronic resource] /
_cElizabeth E. Lea
260 _bProject Gutenberg,
_c2005
506 _aPublic domain in the USA.
516 _aElectronic text
653 _aFormulas, recipes, etc.
653 _aCooking, American
830 0 _aProject Gutenberg
_v9101
856 4 0 _uhttp://www.gutenberg.org/ebooks/9101
942 _cEB
999 _c238385
_d238385